Bài giảng vi sinh vật chế biến thực phẩm thủy sản
Enregistré dans:
| Auteur principal: | |
|---|---|
| Format: | Livre |
| Langue: | Undetermined |
| Publié: |
Nha Trang
Trường Đại học Thủy sản
1996
|
| Sujets: | |
| Tags: |
Ajouter un tag
Pas de tags, Soyez le premier à ajouter un tag!
|
| Thư viện lưu trữ: | Trung tâm Học liệu Trường Đại học Cần Thơ |
|---|
| LEADER | 00610nam a2200193Ia 4500 | ||
|---|---|---|---|
| 001 | CTU_115485 | ||
| 008 | 210402s9999 xx 000 0 und d | ||
| 020 | |c 16000 | ||
| 082 | |a 641.392 | ||
| 082 | |b X527/P.2 | ||
| 100 | |a Nguyễn, Thị Xuyến | ||
| 245 | 0 | |a Bài giảng vi sinh vật chế biến thực phẩm thủy sản | |
| 245 | 0 | |c Nguyễn Thị Xuyến | |
| 260 | |a Nha Trang | ||
| 260 | |b Trường Đại học Thủy sản | ||
| 260 | |c 1996 | ||
| 650 | |a Fishery processing industries | ||
| 904 | |i Bằng | ||
| 980 | |a Trung tâm Học liệu Trường Đại học Cần Thơ | ||